000 00574naa a2200193 4500
001 180916
003 ES-MaBCM
005 20241016192611.0
008 101118s2010 esp|r0p 0 ||spa d
021 _axx
035 _a(OCoLC)1365223355
040 _cES-MaBCM
100 1 _aVaras, Augusto
_947721
245 0 0 _aMichelle Bachelet
_b: la derrota de un éxito
_cAugusto Varas
651 2 4 _aChile
_9115433
650 2 7 _aSituación política
_960283
773 0 _aEn:
_tPolítica exterior
_dMadrid
_w104608
_gVol.XXIV, nº 134 (marzo-abril 2010), p. 133-144
942 _cAREV
999 _c180916
_d180916